000 00283nam a2200109Ia 4500
008 190912s9999||||xx |||||||||||||| ||und||
100 _aWaqar Ahmed Qadri
245 0 _aICAP Step By Step English Composition
260 _aKarachi
_bPetiwala Book
_c2003
300 _a2004
942 _cBK
999 _c7277
_d7277